Top 10 meilleurs buteurs de l'Equipe de Suisse - Statistiques

Statistiques générales
  • Ce quiz a été pris 29 fois
  • Le résultat moyen est 2 sur 10
Statistiques - réponses
Classement Nb Sélection Nb Buts Réponse % Correct
4 125 32 Xherdan Shaqiri
85%
1 84 42 Alexander Frei
59%
8 93 25 Haris Seferović
33%
7 49 26 Adrian Knup
0%
5 52 29 André Abegglen
0%
10 56 22 Charles Antenen
0%
6 53 29 Jacques Fatton
0%
9 34 22 Josef Hügi
0%
2 62 34 Kubilay Türkyılmaz
0%
3 68 34 Max Abegglen
0%
Aucun quiz correspondant
Distribution des résultats
% des personnes avec chaque résultat
Percentile par nombre de réponses
Votre historique - résultats
Vous n’avez pas pris ce quiz